| 000 | 00504nam a22001697a 4500 | ||
|---|---|---|---|
| 003 | OSt | ||
| 005 | 20220114095925.0 | ||
| 008 | 220114b |||||||| |||| 00| 0 eng d | ||
| 020 | _a0521012600 | ||
| 040 | _cHU | ||
| 082 | _a418.0071 RIC 2001 | ||
| 100 |
_aRichards, Jack C. _927949 |
||
| 245 |
_a Approaches and Methods in Language Teaching _cJack C. Richards, Theodore S. Rodgers. |
||
| 260 |
_aCambridge _b: Cambridge University Press, _c 2001. |
||
| 300 |
_a270 p _bpc _c23 cm |
||
| 942 |
_2ddc _cBOOKS _n0 |
||
| 999 |
_c26977 _d26977 |
||